Statistics for Top 10 Busiest MBTA Subway Stations

Click here to take the quiz!

General Stats

  • This quiz has been taken 62 times
  • The average score is 8 of 10

Answer Stats

RidershipStationLine% Correct
18,528HarvardRed
91%
16,571Park StreetRed/Green
91%
24,639South StationRed
91%
12,928StateOrange/Blue
91%
24,074Downtown CrossingRed/Orange
87%
16,273North StationGreen/Orange
85%
17,018Kendall/MITRed
84%
12,538Forest HillsOrange
75%
15,405CentralRed
73%
15,646Back BayOrange
71%

Score Distribution

Percentile by Number Answered

Percent of People with Each Score

Your Score History

You have not taken this quiz